|
|
|
|
| LEADER |
00000cam a2200000 7i4500 |
| 001 |
0000064464 |
| 005 |
20160716.0 |
| 008 |
160716 |
| 020 |
|
|
|a 075259219X
|
| 020 |
|
|
|a 9780752592190
|
| 090 |
0 |
0 |
|a REF
|b CHI
|
| 100 |
1 |
|
|a Morris, Neil
|
| 245 |
1 |
0 |
|a Children's first encyclopedia
|c Neil Morris
|
| 260 |
|
|
|a UK :
|b Parragon Book ,
|c 2002
|
| 300 |
|
|
|a 248 pg :
|b Col., Ill ;
|c 28.5cm.
|
| 500 |
|
|
|a Includes Index 249-256 pg
|
| 999 |
|
|
|a 0000937933
|b Book
|c REFERENCE
|e Cawangan Tangkak
|
| 999 |
|
|
|a 0000937934
|b Book
|c REFERENCE
|e Cawangan Tangkak
|
| 999 |
|
|
|a 0001075042
|b Book
|c REFERENCE
|e Cawangan Tangkak
|
| 999 |
|
|
|a 0001075892
|b Book
|c REFERENCE
|e Cawangan Tmn. Ungku Tun Aminah
|
| 999 |
|
|
|a 0001075893
|b Book
|c REFERENCE
|e Cawangan Segamat
|